| 000 | 00415nam a2200145 a 4500 | ||
|---|---|---|---|
| 001 | 1026 | ||
| 003 | CDMR | ||
| 005 | 20130312182131.0 | ||
| 008 | 130130s1967||||||||||||||||||||||||||||d | ||
| 040 |
_aCDMR _bcat _cCDMR |
||
| 100 | 1 |
_aSoler Summers, Julio Guillermo _9809 |
|
| 245 | 1 | 3 |
_aEl periodismo industrial a través de una revista textil _cJulio-Guillermo Solers Summers |
| 260 |
_aBarcelona _c1967 |
||
| 942 |
_cTSN _2udc |
||
| 999 |
_c1026 _d1026 |
||